The book of the thousand nights and a night : a plain and literal translation of the Arabian nights entertainments. Volume one /

Xehetasun bibliografikoak
Beste egile batzuk: Burton, Richard Francis, Sir, 1821-1890 (Itzultzailea, Argitaratzailea), Leighton, Frederick (Ilustratzailea)
Formatua: Liburua
Hizkuntza:English
Arabic
Argitaratua: London : Privately printed by the Burton Club, 1885.
Gaiak:
Classic Catalogue: View this record in Classic Catalogue
LEADER 02174nam a2200445 i 4500
001 44656
003 BD-DhAAL
005 20250917162335.0
008 250917t1885 enkac b 001 0 eng d
010 |a  2021781776 
035 |a 23199626 
040 |a DLC  |b eng  |e rda  |c DLC  |d BD-DhAAL 
041 1 |a eng  |h ara 
042 |a pcc 
050 1 0 |a PJ7715  |b .B8 1903 
082 |a 398.21  |2 23 
130 0 |a Arabian nights.  |l English  |s (Burton)  |9 59373 
245 1 4 |a The book of the thousand nights and a night :  |b a plain and literal translation of the Arabian nights entertainments.  |n Volume one /  |c translated and annotated by Richard F. Burton. 
260 |a London :  |b Privately printed by the Burton Club,  |c 1885. 
300 |a xxi, 362 pages :  |b illustrations, portrait ;  |c 25 cm 
362 |a Vol. 1 
500 |a Estimated date of publication from Penzer. 
500 |a "Limited to nine hundred and fifty sets"--Volume 1. 
500 |a Printed in the United States of America. 
500 |a Portrait of Burton in volume 1 by Sir Frederick Leighton. 
500 |a Illustrations are on plates with guard sheets printed with descriptive text in red. 
500 |a Includes bibliographical references and index. 
505 0 |a v. 1. The book of the thousand nights and a night. 
541 |a Donated by Farhana Zahir, Assistant Professor, BRAC Business School, BRAC University  |e 44656 
650 |a Fairy tales. 
650 |a Tales, Arabic.  |9 59382 
650 |a Folklore  |z Arabian Peninsula.  |9 59391 
651 |a Arabian Peninsula  |x Folklore.  |9 59392 
700 1 |a Burton, Richard Francis,  |c Sir,  |d 1821-1890,  |e translator,  |e editor.  |9 59374 
700 1 |a Leighton, Frederick,  |e illustrator.  |9 59375 
710 2 |a Burton Club,  |e publisher.  |9 59376 
852 |a Ayesha Abed Library  |c General Stacks 
942 |2 ddc  |c BK 
999 |c 47555  |d 47555 
952 |0 0  |1 0  |2 ddc  |4 0  |6 398_210000000000000_BOO  |7 0  |9 78210  |a BRACUL  |b BRACUL  |c NEW  |d 2025-09-17  |e Donated by Farhana Zahir, Assistant Professor, BRAC Business School, BRAC University  |l 4  |m 14  |o 398.21 BOO  |p 3010044656  |r 2026-04-22  |s 2026-03-07  |t 1  |w 2025-09-17  |y BK  |x Donated by Farhana Zahir, Assistant Professor, BRAC Business School, BRAC University